Random questions Quiz Stats

 Plays Quiz not verified by Sporcle

Challenge
Share
Tweet
Embed
Score 0/10 Timer 15:00
0 Plays Today
Hint Answer % Correct
Can you actually see the Great Wall of China from space?No
93.8%
Who is the king of Vatican City?Pope Francis
87.5%
Can you touch anything?no
75%
What was the real height of Napoleon? (in inches)5'7''
50%
What is the city inside of London?The City of London
31.3%
Name one country in the European Economic Area but not in the European Union. Iceland, Norway, and Liechtenstein
31.3%
How many countries are part of ''The Crown''? The British ''Crown.''40
25%
What is my favorite show? Hint:2006-presentPsych
25%
What is the hottest temperature possible?Planck temperature or 255,000 billion billion billion degrees F
18.8%
What is the ''Empty space'' of an atom? The Gluon field
18.8%

You're not logged in!

Compare scores with friends on all Sporcle quizzes.
OR
Log In

You Might Also Like...

Show Comments

Extras

Created Feb 21, 2014ReportNominate

Top Quizzes Today


Score Distribution

Your Account Isn't Verified!

In order to create a playlist on Sporcle, you need to verify the email address you used during registration. Go to your Sporcle Settings to finish the process.

Report this User

Report this user for behavior that violates our Community Guidelines.

Details: